Statistics for First Names of Serial Killers

Click here to take the quiz!

General Stats

  • This quiz has been taken 1,572 times
  • The average score is 7 of 14

Answer Stats

Last NameFirst Name% Correct
BundyTed
98%
"The Ripper"Jack
93%
Wayne GacyJohn
90%
DahmerJeffrey
89%
GeinEd
66%
WuornosAileen
40%
ShipmanHarold
33%
FishAlbert
30%
RaderDennis
30%
RidgwayGary
29%
KemperEdmund
26%
HolmesH.H
26%
PanzramCarl
13%
Leigh AllenArthur
12%

Score Distribution

Percentile by Number Answered

Percent of People with Each Score

Your Score History

You have not taken this quiz